| 000 | 00690nam a22002057a 4500 | ||
|---|---|---|---|
| 003 | OSt | ||
| 005 | 20231101164942.0 | ||
| 008 | 221006b |||||||| |||| 00| 0 eng d | ||
| 040 | _cBiblioteca Lado V | ||
| 082 |
_a702.812 _bD546c |
||
| 100 |
_91173 _aDiciervo, Jorge _eautor |
||
| 245 |
_aCollages y Objetos/ _bDiciervo/ |
||
| 260 |
_c1982 _aMéxico _bFundación San Telmo |
||
| 300 |
_c19 x 21 cm _a12p. |
||
| 650 |
_2Tesauro de Arte & Arquitectura _aARTE |
||
| 650 |
_2Tesauro de Arte & Arquitectura _aDIBUJO _9703 |
||
| 650 |
_2Tesauro de Arte & Arquitectura _aCOLECCIÓN |
||
| 650 |
_2Tesauro de Arte & Arquitectura _aCOLLAGE |
||
| 942 |
_2ddc _c1 _h702.812 _iD546C _n0 |
||
| 999 |
_c4538 _d4538 |
||